Dehydration of foods/ (Record no. 29263)

MARC details
000 -LEADER
fixed length control field 01232nam a2200385 a 4500
001 - CONTROL NUMBER
control field vtls000025626
003 - CONTROL NUMBER IDENTIFIER
control field NLI
005 - DATE AND TIME OF LATEST TRANSACTION
control field 20210601182735.0
008 - FIXED-LENGTH DATA ELEMENTS--GENERAL INFORMATION
fixed length control field 101125s1996 nyua 001 0 eng
020 ## - INTERNATIONAL STANDARD BOOK NUMBER
International Standard Book Number 0412064219
Terms of availability £ 65.00
039 #9 - LEVEL OF BIBLIOGRAPHIC CONTROL AND CODING DETAIL [OBSOLETE]
-- 201011250215
-- VLOAD
040 0# - CATALOGING SOURCE
Original cataloging agency NLI
Language of cataloging eng
Transcribing agency VERGIS-2003
041 0# - LANGUAGE CODE
Language code of text/sound track or separate title eng
044 ## - COUNTRY OF PUBLISHING/PRODUCING ENTITY CODE
MARC country code nyu
082 04 - DEWEY DECIMAL CLASSIFICATION NUMBER
Classification number 668.0284
100 1# - MAIN ENTRY--PERSONAL NAME
Personal name Barbosa-Canovas, Gustavo V.
9 (RLIN) 77445
245 10 - TITLE STATEMENT
Title Dehydration of foods/
Statement of responsibility, etc. Gustavo V. Barbosa-Canovas and Humberto Vega-Mercado
260 ## - PUBLICATION, DISTRIBUTION, ETC.
Place of publication, distribution, etc. New York:
Name of publisher, distributor, etc. Chapman and Hall,
Date of publication, distribution, etc. c1996
300 ## - PHYSICAL DESCRIPTION
Extent 330 p.:
Other physical details ill.;
Dimensions 23 cm.
440 #0 - SERIES STATEMENT/ADDED ENTRY--TITLE
Title Dehydration of foods
9 (RLIN) 77446
500 ## - GENERAL NOTE
General note Includes index
650 #0 - SUBJECT ADDED ENTRY--TOPICAL TERM
Topical term or geographic name entry element Food
General subdivision Drying
9 (RLIN) 76362
650 #0 - SUBJECT ADDED ENTRY--TOPICAL TERM
Topical term or geographic name entry element Food
General subdivision Packaging
9 (RLIN) 62156
700 1# - ADDED ENTRY--PERSONAL NAME
Personal name Vega-Mercado, Humberto,
Relationship jt. aut
9 (RLIN) 77447
887 ## - NON-MARC INFORMATION FIELD
Content of non-MARC field M. Jansi
901 ## - LOCAL DATA ELEMENT A, LDA (RLIN)
a 528364
b 20/02/1997
902 ## - LOCAL DATA ELEMENT B, LDB (RLIN)
a E 668.0284 B 234
903 ## - LOCAL DATA ELEMENT C, LDC (RLIN)
a 17/03/2004
904 ## - LOCAL DATA ELEMENT D, LDD (RLIN)
a M. Jansi
906 ## - LOCAL DATA ELEMENT F, LDF (RLIN)
a 025462
949 ## - LOCAL PROCESSING INFORMATION (OCLC)
-- VIRTUAITEM
-- 10000
-- 1
-- 100
6 PUR000528364ENG
a E 668.0284 B234
942 ## - ADDED ENTRY ELEMENTS (KOHA)
Source of classification or shelving scheme Dewey Decimal Classification
Koha item type Books
Holdings
Withdrawn status Lost status Damaged status Not for loan Collection code Home library Current library Shelving location Date acquired Total Checkouts Full call number Barcode Date last seen Price effective from Koha item type
        New English National Library of India National Library of India New English - Main Stack Division     E 668.0284 B 234 PUR000528364ENG 01/06/2021 01/06/2021 Books
                                                                           
web counter

Copyright ©2020 The National Library of India, Govt. of India ↔ Hosted by NVLI, MOC ↔ Technology and Design by National Library of India, Ministry of Culture, Govt. of India